000 00870nam a22002897a 4500
001 BR0303879
003 BR-BrBNA
005 20230928101342.0
007 ta
008 230509b bl.||||| |||| 00| 0 por d
040 _aBR-BrBNA
_bpor
_cBiblioteca Nacional de Agricultura
041 _a(Por)
072 _aQ02
_b3430
090 _ 3430 BR0303879
100 1 _aCampos, C.R.
110 1 _aUniversidade Federal de Lavras, MG (Brasil)
_0Tese (Mestrado)
245 1 _aUso de cepas selecionadas de Saccharomyces cerevisiae na produção de cachaça
260 3 _aLavras, MG (Brasil):
_c2003.
300 _a105 p.
500 _aSummaries (Eng, Por); Bibliography p. 94-105; 17 tables; 8 illus.
650 _aCACHAÇA
650 _aLEVEDO
650 _aFERMENTAÇÃO
650 _aTECNOLOGIA DE ALIMENTO
909 _a202309
_bLucia
_c55
_dLucia Elande
942 _cBK
999 _c65400
_d65400